000
00322nam a2200145Ia 4500
100
_a
Shigley/ J.E./ Mischke
250
_a
1
942
_c
BK
654
_a
mechanical
245
_a
Mechanical engineering design
260
_b
McGraw Hill
_a
New York
_c
1989
082
_a
621.815
_b
PAN
300
_a
699
546
_a
ENGLISH
999
_c
26691
_d
26691